| 000 | 00605 a2200229 4500 | ||
|---|---|---|---|
| 001 | 139309 | ||
| 003 | OSt | ||
| 005 | 20251205105228.0 | ||
| 008 | |||
| 020 | _a9780815341215 | ||
| 082 |
_a572.2 _bB68P |
||
| 100 | 1 | _aBowsher, Caroline | |
| 245 | 1 |
_aPlant biochemistry _cby Caroline Bowsher, Martin Steer and Alyson K Tobin |
|
| 260 |
_aNew York _bGarland science _c2008 |
||
| 300 | _a446p. | ||
| 546 | _aenglish | ||
| 650 | _aBiochemistry | ||
| 653 | _aBotanical chemistry; Plant | ||
| 700 | _aSteer, Martin | ||
| 700 | _aTobin, Alyson K | ||
| 942 |
_2ddc _cBK |
||
| 999 |
_c11988 _d11988 |
||